Statistiken für Allgemeinwissen - Geographie

Klicken Sie hier um das Quiz zu spielen!

Allgemein

  • Dieses Quiz wurde 1.621 mal gespielt
  • Das Durchschnittsergebnis liegt bei 7 aus 12

Antwortstatistiken

FrageAntwort% Korrekt
Welches Land grenzt NICHT an Österreich?Bosnien-Herzegowina
90%
Welche Insel gehört zu Frankreich?Korsika
90%
Was ist Hauptstadt von Albanien?Tirana
90%
In welchem Bundesland liegt Kassel?Hessen
71%
Wie Länder liegen in Südamerika?13
64%
Welche Insel liegt in der Karibik ca. 380 km südlich von Kuba?Jamaika
62%
Was ist die Hauptstadt von Burkina Faso?Ouagadougou
62%
Wie weit ist Hawaii vom amerikanischen Festland entfernt?ca. 5.800 km
45%
Durch welches Land fließt der Amazonas nicht?Paraguay
44%
Welches nicht europäische Land nimmt bei der EM 2021 teil?keins
39%
Wo liegt die Buffi Bay?zwischen Kanada & Grönland
27%
Wie viele Menschen wohnen im Sommer in Forschungsstationen in der Antarktis?2500
10%

Verteilung der Resultate

Perzentil nach korrekt beantworteten Fragen

Anzahl Personen mit jedem Resultat

Ihre Resultats-Entwicklung

Sie haben dieses Quiz noch nicht gespielt